125 Aniversario del Instituto Homeopático y Hospital de S. José de Madrid / (Record no. 67083)

MARC details
000 -LEADER
campo de control de longitud fija 01139nam a2200253 i 4500
001 - NÚMERO DE CONTROL
campo de control 67083
003 - IDENTIFICADOR DE NÚMERO DE CONTROL
campo de control ES-MaACL
005 - FECHA Y HORA DE LA ÚLTIMA TRANSACCIÓN
campo de control 20230906165943.0
007 - CAMPO FIJO DE DESCRIPCIÓN FÍSICA--INFORMACIÓN GENERAL
campo de control de longitud fija t|
008 - DATOS DE LONGITUD FIJA--INFORMACIÓN GENERAL
campo de control de longitud fija 040504s2003 sp a |||| | spa d
080 ## - NÚMERO DE LA CLASIFICACIÓN DECIMAL UNIVERSAL
Número de la Clasificación Decimal Universal 615.015.32
245 00 - MENCIÓN DEL TÍTULO
Título 125 Aniversario del Instituto Homeopático y Hospital de S. José de Madrid /
Mención de responsabilidad, etc. [recopilador, Félix Antón Cortes].
260 ## - PUBLICACIÓN, DISTRIBUCIÓN, ETC.
Lugar de publicación, distribución, etc. [Madrid :
Nombre del editor, distribuidor, etc. Instituto Homeopático y Hospital de S. José de Madrid,
Fecha de publicación, distribución, etc. 2003]
300 ## - DESCRIPCIÓN FÍSICA
Extensión [42] h. :
Otras características físicas il. ;
Dimensiones 30 cm.
594 ## - Nota al título y mención de responsabilidad
Nota al título y mención de responsabilidad Colección de documentos aportados para la celebración de la conferencia desarrollada el 12 de diciembre de 2003 en el Ateneo de Madrid, Sección de Medio Ambiente.
597 ## - NOTA DE DESCRIPCIÓN FÍSICA
NOTA DE DESCRIPCIÓN FÍSICA Ejemplar fotocopiado.
610 24 - PUNTO DE ACCESO ADICIONAL DE MATERIA--NOMBRE DE ENTIDAD CORPORATIVA
Nombre de entidad corporativa o nombre de jurisdicción como elemento de entrada Ateneo de Madrid-
Subdivisión de forma Conferencias-
Subdivisión cronológica 2000-
9 (RLIN) 168597
610 24 - PUNTO DE ACCESO ADICIONAL DE MATERIA--NOMBRE DE ENTIDAD CORPORATIVA
Nombre de entidad corporativa o nombre de jurisdicción como elemento de entrada Fundación Instituto Homeopático y Hospital de San José.
9 (RLIN) 4331
650 14 - PUNTO DE ACCESO ADICIONAL DE MATERIA--TÉRMINO DE MATERIA
Término de materia o nombre geográfico como elemento de entrada Homeopatía.
9 (RLIN) 13463
700 1# - ENTRADA AGREGADA--NOMBRE PERSONAL
Nombre de persona Antón Cortes, Félix.
9 (RLIN) 21942
710 2# - ENTRADA AGREGADA--NOMBRE DE ENTIDAD CORPORATIVA
Nombre de entidad corporativa o nombre de jurisdicción como elemento de entrada Ateneo de Madrid.
Unidad subordinada Sección de Medio Ambiente.
9 (RLIN) 2003
710 2# - ENTRADA AGREGADA--NOMBRE DE ENTIDAD CORPORATIVA
Nombre de entidad corporativa o nombre de jurisdicción como elemento de entrada Fundación Instituto Homeopático y Hospital de San José.
9 (RLIN) 4331
852 ## - LOCALIZACIÓN
Ubicación ES-MaACL
Número de control de estantería 2166-F-24
Nota libre - Enc. canutillo
Holdings
Estatus retirado Estado de pérdida Estado de daño No para préstamo Colección Biblioteca de origen Biblioteca actual Ubicación en estantería Fecha de adquisición Fuente de adquisición Total de préstamos Signatura topográfica completa Código de barras Visto por última vez Precio de reemplazo Tipo de ítem Koha
        Colección de folletos Biblioteca del Ateneo de Madrid Biblioteca del Ateneo de Madrid Depósito folletos 17/01/2008     2166-F-24 1070258 23/02/2023 23/02/2023 Folleto